<?xml version="1.0" encoding="UTF-8"?>
<record
    xmlns:xsi="http://www.w3.org/2001/XMLSchema-instance"
    xsi:schemaLocation="http://www.loc.gov/MARC21/slim http://www.loc.gov/standards/marcxml/schema/MARC21slim.xsd"
    xmlns="http://www.loc.gov/MARC21/slim">

  <leader>01547nam0a22003731  4500</leader>
  <controlfield tag="001">RU\NLR\Evr\710</controlfield>
  <controlfield tag="005">20260409002931.0</controlfield>
  <datafield tag="035" ind1=" " ind2=" ">
    <subfield code="a">(NLR Aleph) 011417104</subfield>
  </datafield>
  <datafield tag="090" ind1=" " ind2=" ">
    <subfield code="a">13649487</subfield>
    <subfield code="c">13649487</subfield>
  </datafield>
  <datafield tag="100" ind1=" " ind2=" ">
    <subfield code="a">20061020d1940    u  y0rusy50      ca</subfield>
  </datafield>
  <datafield tag="101" ind1="0" ind2=" ">
    <subfield code="a">yid</subfield>
  </datafield>
  <datafield tag="102" ind1=" " ind2=" ">
    <subfield code="a">RU</subfield>
  </datafield>
  <datafield tag="105" ind1=" " ind2=" ">
    <subfield code="a">a ||j|||001yy</subfield>
  </datafield>
  <datafield tag="200" ind1="1" ind2=" ">
    <subfield code="a">&#x5D9;&#x5D9;&#x5D3;&#x5D9;&#x5E9;&#x5E2; &#x5E9;&#x5E4;&#x5E8;&#x5D0;&#x5DB;</subfield>
    <subfield code="d">&#x415;&#x432;&#x440;&#x435;&#x439;&#x441;&#x44C;&#x43A;&#x430; &#x43C;&#x43E;&#x432;&#x430;</subfield>
    <subfield code="e">&#x5DC;&#x5E2;&#x5E8;&#x5E0;&#x5D1;&#x5D5;&#x5DB; &#x5E4;&#x5D0;&#x5E8;&#x5E0; 1 &#x5E7;&#x5DC;&#x5D0;&#x5E1;</subfield>
    <subfield code="f">&#x5E4;&#x5E8;&#x5D0;&#x5E4;. &#x5D0;. &#x5D6;&#x5D0;&#x5E8;&#x5E2;&#x5E6;&#x5E7;&#x5D9;, &#x5D0;. &#x5D2;&#x5E2;&#x5DC;&#x5D1;&#x5DE;&#x5D0;&#x5E0;, &#x5DB;. &#x5DC;&#x5D5;&#x5D9;&#x5E6;&#x5E7;&#x5E2;&#x5E8;</subfield>
    <subfield code="z">ukr</subfield>
  </datafield>
  <datafield tag="210" ind1=" " ind2=" ">
    <subfield code="a">&#x5E7;&#x5D9;&#x5E2;&#x5D5;&#x5D5;</subfield>
    <subfield code="a">&#x5DC;&#x5D5;&#x5D5;&#x5D0;&#x5B8;&#x5D5;&#x5D5;</subfield>
    <subfield code="c">&#x5DE;&#x5E2;&#x5DC;&#x5D5;&#x5DB;&#x5E2;-&#x5E4;&#x5D0;&#x5E8;&#x5DC;&#x5D0;&#x5D2; &#x5E4;&#x5D0;&#x5E8; &#x5D3;&#x5D9; &#x5E0;&#x5D0;&#x5E6;&#x5D9;&#x5D0;&#x5B8;&#x5E0;&#x5D0;&#x5DC;&#x5E2; &#x5DE;&#x5D9;&#x5E0;&#x5D3;&#x5E2;&#x5E8;&#x5D4;&#x5D9;&#x5D9;&#x5D8;&#x5E0; &#x5D0;&#x5D9;&#x5E0; &#x5D0;&#x5D5;&#x5E1;&#x5E8;&#x5E8;</subfield>
    <subfield code="d">1940</subfield>
  </datafield>
  <datafield tag="210" ind1=" " ind2=" ">
    <subfield code="a">&#x41A;&#x438;&#x435;&#x432;</subfield>
    <subfield code="a">&#x41B;&#x44C;&#x432;&#x43E;&#x432;</subfield>
    <subfield code="c">&#x41C;&#x435;&#x43B;&#x443;&#x445;&#x435;-&#x444;&#x430;&#x440;&#x43B;&#x430;&#x433; &#x444;&#x430;&#x440; &#x434;&#x438; &#x43D;&#x430;&#x446;&#x438;&#x43E;&#x43D;&#x430;&#x43B;&#x435; &#x43C;&#x438;&#x43D;&#x434;&#x435;&#x440;&#x445;&#x430;&#x438;&#x442;&#x43D; &#x438;&#x43D; &#x443;&#x441;&#x441;&#x440;</subfield>
    <subfield code="d">1940</subfield>
  </datafield>
  <datafield tag="215" ind1=" " ind2=" ">
    <subfield code="a">91 &#x441;.</subfield>
    <subfield code="c">&#x438;&#x43B;.</subfield>
    <subfield code="d">22 &#x441;&#x43C;.</subfield>
  </datafield>
  <datafield tag="510" ind1="1" ind2=" ">
    <subfield code="a">&#x418;&#x434;&#x438;&#x448;&#x435; &#x448;&#x43F;&#x440;&#x430;&#x445;</subfield>
    <subfield code="z">yid</subfield>
  </datafield>
  <datafield tag="541" ind1="1" ind2=" ">
    <subfield code="a">&#x415;&#x432;&#x440;&#x435;&#x439;&#x441;&#x43A;&#x438;&#x439; &#x44F;&#x437;&#x44B;&#x43A;</subfield>
    <subfield code="e">&#x41A;&#x43D;&#x438;&#x433;&#x430; &#x434;&#x43B;&#x44F; &#x447;&#x442;&#x435;&#x43D;&#x438;&#x44F; &#x432; &#x43F;&#x435;&#x440;&#x432;&#x43E;&#x43C; &#x43A;&#x43B;&#x430;&#x441;&#x441;&#x435;</subfield>
  </datafield>
  <datafield tag="700" ind1=" " ind2="1">
    <subfield code="a">&#x5D6;&#x5D0;&#x5E8;&#x5E2;&#x5E6;&#x5E7;&#x5D9;</subfield>
    <subfield code="b">.&#x5D0;</subfield>
    <subfield code="4">070</subfield>
  </datafield>
  <datafield tag="701" ind1=" " ind2="1">
    <subfield code="a">&#x5D2;&#x5E2;&#x5DC;&#x5D1;&#x5DE;&#x5D0;&#x5DF;</subfield>
    <subfield code="b">.&#x5D0;</subfield>
    <subfield code="4">070</subfield>
  </datafield>
  <datafield tag="701" ind1=" " ind2="1">
    <subfield code="a">&#x413;&#x435;&#x43B;&#x44C;&#x431;&#x43C;&#x430;&#x43D;</subfield>
    <subfield code="b">&#x410;.</subfield>
    <subfield code="4">070</subfield>
  </datafield>
  <datafield tag="701" ind1=" " ind2="1">
    <subfield code="a">&#x5DC;&#x5D5;&#x5D9;&#x5E6;&#x5E7;&#x5E2;&#x5E8;</subfield>
    <subfield code="b">.&#x5DB;</subfield>
    <subfield code="4">070</subfield>
  </datafield>
  <datafield tag="701" ind1=" " ind2="1">
    <subfield code="a">&#x41B;&#x43E;&#x439;&#x446;&#x43A;&#x435;&#x440;</subfield>
    <subfield code="b">&#x425;.</subfield>
    <subfield code="f">1898-1970</subfield>
    <subfield code="g">&#x425;&#x430;&#x438;&#x43C;</subfield>
    <subfield code="4">070</subfield>
  </datafield>
  <datafield tag="790" ind1=" " ind2="1">
    <subfield code="a">&#x417;&#x430;&#x440;&#x435;&#x446;&#x44C;&#x43A;&#x438;&#x439;</subfield>
    <subfield code="b">&#x410;. &#x418;.</subfield>
    <subfield code="f">1891-1956</subfield>
    <subfield code="g">&#x410;&#x439;&#x437;&#x438;&#x43A; &#x418;&#x437;&#x440;&#x430;&#x438;&#x43B;&#x435;&#x432;&#x438;&#x447;</subfield>
    <subfield code="4">070</subfield>
  </datafield>
  <datafield tag="801" ind1=" " ind2="0">
    <subfield code="a">RU</subfield>
    <subfield code="b">NLR</subfield>
    <subfield code="c">20061020</subfield>
    <subfield code="g">psbo</subfield>
  </datafield>
  <datafield tag="801" ind1=" " ind2="0">
    <subfield code="a">RU</subfield>
    <subfield code="b">NLR</subfield>
    <subfield code="g">PSBO</subfield>
  </datafield>
  <datafield tag="801" ind1=" " ind2="1">
    <subfield code="a">RU</subfield>
    <subfield code="b">NLR</subfield>
    <subfield code="c">20061020</subfield>
    <subfield code="2">rusmarc</subfield>
  </datafield>
  <datafield tag="801" ind1=" " ind2="2">
    <subfield code="a">RU</subfield>
    <subfield code="b">NLR</subfield>
    <subfield code="c">20070814</subfield>
    <subfield code="2">rusmarc</subfield>
  </datafield>
  <datafield tag="852" ind1=" " ind2=" ">
    <subfield code="a">NLR</subfield>
    <subfield code="b">&#x41E;&#x41B;&#x421;&#x410;&#x410;-&#x438;&#x434;&#x438;&#x448;</subfield>
    <subfield code="j">&#x41C;-2427</subfield>
  </datafield>
  <datafield tag="942" ind1=" " ind2=" ">
    <subfield code="c">BOOK</subfield>
  </datafield>
  <datafield tag="980" ind1="1" ind2=" ">
    <subfield code="a">IDISH</subfield>
  </datafield>
  <datafield tag="980" ind1=" " ind2=" ">
    <subfield code="a">NB</subfield>
  </datafield>
</record>
